| 000 | 00836nam a2200241 i 4500 | ||
|---|---|---|---|
| 001 | 179541 | ||
| 003 | ES-MaACL | ||
| 005 | 20230906220820.0 | ||
| 008 | 111221s1946 sp |||| |dspa d | ||
| 080 | _a17.023.34 | ||
| 100 | 1 |
_aSéneca, Lucio Anneo. _9105451 |
|
| 245 | 1 | 0 |
_aDe vita beata / _cSéneca ; texto latino, notas y vocabulario [por Eugenio Hernández Vista]. |
| 260 |
_aMadrid : _bGredos, _c1946. |
||
| 300 |
_a62 p. ; _c17 cm. |
||
| 490 | 1 |
_aClásicos Gredos. _aTextos escolares |
|
| 595 | _aEd. para alumnos de Bachillerato. | ||
| 650 | 0 | 4 |
_aLengua latina- _vTextos. _914307 |
| 650 | 4 |
_aFelicidad (Filosofía)- _vObras anteriores a 1800. _9171597 |
|
| 700 | 1 |
_aHernández Vista, Eugenio. _963075 |
|
| 830 | 1 |
_aClásicos Gredos. _aTextos escolares _9224491 |
|
| 852 |
_aES-MaACL _j2310-F-5 |
||
| 999 |
_c179541 _d179541 |
||